[Event "Magnus Carlsen Invitational 2021"]
[Site "Online"]
[Date "2021.03.10"]
[Round "8.3"]
[White "Nepomniachtchi, Ian"]
[Black "Carlsen, Magnus"]
[Result "0-1"]
[WhiteElo "2778"]
[BlackElo "2881"]
[Annotator "TA"]
[PlyCount "108"]
[EventDate "2021.03.13"]
[EventType "tourn"]
[EventCountry "NET"]
[SourceTitle "playchess.com"]
[Source "ChessBase"]
[SourceQuality "1"]

{[%evp 27,108,54,43,20,81,25,18,28,25,25,26,27,20,37,47,47,50,23,20,10,11,15,8,0,0,-5,12,-25,-27,-27,-12,-26,-9,-72,-7,-16,0,0,0,0,0,0,0,0,0,0,13,14,12,12,10,0,9,10,13,12,23,0,69,69,110,-35,0,-61,-61,-400,-388,-4578,-4181,-1988,-1970,-836,-376,-693,0,-29981,-29974,-29991,-29992,-29992,-29990,-29990,-29991]} 1. e4 c5 2. Nf3 Nc6 3. d4 cxd4 4. Nxd4 Nf6 5. Nc3 e5 6. Ndb5 d6 7. Bg5 a6 8. Na3 b5 9. Nd5 Be7 10. Bxf6 Bxf6 11. c3 Ne7 12. Nxf6+ gxf6 13. Nc2 Bb7 14. Bd3 d5 15. Qe2 {is now debated instead of 15.exd5. B33: Sicilian: Pelikan and Sveshnikov Variations.} f5 (15... dxe4 $11 16. Bxe4 Bxe4 17. Qxe4 Qd5 18. Qxd5 Nxd5) 16. O-O-O (16. exf5 $16 e4 17. f6) 16... fxe4 $11 {[#]} 17. Bxe4 $1 {The position is equal.} Qc7 (17... Qd6 18. Kb1) 18. Bf3 O-O-O 19. g3 {[#]} Kb8 $146 ({Predecessor:} 19... f5 20. Rhe1 Ng6 21. Bh5 e4 22. f4 Ne7 23. Kb1 Nc6 24. Ne3 d4 25. cxd4 Nxd4 {½-½ (54) Almendras,E (2143)-Vera,S (2056) La Paz 2020}) 20. Kb1 Nc8 21. Rhe1 Rhe8 22. Ne3 {[%cal Rf3d5]} Nb6 23. Qc2 f6 24. Bg2 Rd6 25. Rd2 Red8 26. Red1 a5 27. a3 Nc4 28. Nxc4 bxc4 29. Qf5 Ka7 30. Ka1 (30. f4 $11 {remains equal.}) 30... Qd7 ({Black should play} 30... Bc8 $17 31. Qf3 Bb7) 31. Qh5 Qc7 32. f4 e4 33. Rd4 Bc6 34. R1d2 Be8 35. Qe2 Bc6 36. Qe3 {Threatens to win with Rxd5+.} Qb6 37. f5 R6d7 38. Qh6 Ba4 39. g4 Ka6 40. Bf1 Ka7 41. h4 Rb7 42. Qe3 {Threatening Rxe4!} ({Stronger than} 42. Bxc4 e3 $17) 42... Rdb8 (42... Re7 $11) 43. g5 $14 Bd7 44. gxf6 (44. Qf4 $16) 44... Bxf5 45. Qg5 (45. Qf4 $11 Be6 46. Bxc4 dxc4 47. Rd6 Qg1+ 48. Rd1) 45... Be6 $15 46. Bxc4 $2 {[%mdl 8192]} Rg8 $19 ({Wrong is} 46... dxc4 $2 47. Rd6 $18) 47. Qe5 (47. Qe3 dxc4 48. Ka2) 47... Rg1+ 48. Ka2 dxc4 {[%csl Gb7,Gc4,Ge6][%cal Rb6b3]} 49. b4 cxb3+ 50. Kb2 {[#] Strongly threatening Rd6.} e3 $2 ({Black should try} 50... Ra1 $3 $19 {[%mdl 512] ( -> ...Ra2+)} 51. Rd6 (51. Kxa1 $2 {gets mated.} b2+ 52. Kb1 Ba2+ {[%mdl 64] Decoy, Promotion} 53. Kxa2 b1=Q#) 51... Ra2+ 52. Kb1 Rxd2 53. Rxb6 Rxb6) 51. Qxe3 $2 {[%mdl 8192] [#]} (51. Ra4 $11 Rd7 52. Rxd7+ Bxd7 53. Rxa5+ Kb7 54. Qe4+ {[%mdl 64] Double Attack} Qc6 55. Qb4+ {[%mdl 64] Double Attack} Qb6 56. Qe4+ {[%mdl 64] Double Attack} Bc6 57. Qe7+ Kc8 58. Qe6+ Kb8 59. Qd6+ Qc7 60. Qf8+ Qc8 61. Qd6+ Qc7 62. Qf8+ Qc8 63. Qd6+ Qc7) 51... Ra1 $3 {[%mdl 512] Black mates.} 52. Qe5 (52. Re4 Ra2+) 52... Ra2+ 53. Kb1 Rxd2 54. Rxd2 b2 {Weighted Error Value: White=0.68/Black=0.23} 0-1

[Event "Magnus Carlsen Invitational 2021"]
[Site "Online"]
[Date "2021.03.10"]
[Round "8.4"]
[White "Karjakin, Sergey"]
[Black "Firouzja, Alireza"]
[Result "1-0"]
[WhiteElo "2709"]
[BlackElo "2703"]
[Annotator "ChessBase"]
[PlyCount "113"]
[EventDate "2021.03.13"]
[EventType "tourn"]
[EventCountry "NET"]
[SourceTitle "playchess.com"]
[Source "ChessBase"]
[SourceQuality "1"]
[TimeControl "900+10"]

1. e4 {[%emt 0:00:00]} c6 {[%emt 0:00:00]} 2. d4 {[%emt 0:00:00]} d5 {[%emt 0:00:00]} 3. e5 {[%emt 0:00:00]} Bf5 {[%emt 0:00:00]} 4. Nf3 {[%emt 0:00:00]} e6 {[%emt 0:00:00]} 5. Be2 {[%emt 0:00:00]} Ne7 {[%emt 0:00:00]} 6. c3 {[%emt 0:00:00]} h6 {[%emt 0:00:06]} 7. O-O {[%emt 0:00:00]} Nd7 {[%emt 0:00:04]} 8. Nbd2 {[%emt 0:00:01]} a5 {[%emt 0:00:05]} 9. a4 {[%emt 0:00:07]} Bh7 {[%emt 0:01:05]} 10. Nb3 {[%emt 0:00:17]} Qb6 {[%emt 0:00:48]} 11. Ne1 {[%emt 0:00:15]} Nf5 {[%emt 0:01:18]} 12. Nd3 {[%emt 0:00:35]} Be7 {[%emt 0:00:17]} 13. Re1 {[%emt 0:00:33]} g5 {[%emt 0:01:42]} 14. Bh5 {[%emt 0:01:05]} Ng7 {[%emt 0:00:17]} 15. Be2 {[%emt 0:00:03]} h5 {[%emt 0:01:41]} 16. Ndc5 {[%emt 0:01:16]} g4 {[%emt 0:02:03]} 17. Nxd7 {[%emt 0:00:52]} Kxd7 {[%emt 0:00:00]} 18. Nc5+ {[%emt 0:00:32]} Bxc5 {[%emt 0:01:11]} 19. dxc5 {[%emt 0:00:00]} Qxc5 {[%emt 0:00:00]} 20. Qb3 {[%emt 0:00:08]} Rhb8 {[%emt 0:00:17]} 21. Be3 {[%emt 0:00:40]} Qe7 {[%emt 0:00:01]} 22. Rad1 {[%emt 0:01:16]} b6 {[%emt 0:01:33]} 23. f3 {[%emt 0:01:49]} gxf3 {[%emt 0:01:24]} 24. Bxf3 {[%emt 0:00:00]} Kc7 {[%emt 0:00:02]} 25. Bf2 {[%emt 0:00:24]} Bg6 {[%emt 0:00:26]} 26. c4 {[%emt 0:01:11]} Qb4 {[%emt 0:00:18]} 27. Qa2 {[%emt 0:00:11]} Qxc4 {[%emt 0:02:27]} 28. Qxc4 {[%emt 0:00:17]} dxc4 {[%emt 0:00:00]} 29. Rd6 {[%emt 0:00:02]} c5 {[%emt 0:00:02]} 30. Rc6+ {[%emt 0:00:15]} Kd7 {[%emt 0:00:57]} 31. Rd6+ {[%emt 0:00:04]} Kc7 {[%emt 0:00:05]} 32. Red1 {[%emt 0:00:47]} Bd3 {[%emt 0:00:04]} 33. b3 {[%emt 0:00:04]} Rd8 {[%emt 0:01:31]} 34. Bxa8 {[%emt 0:00:38]} Rxa8 {[%emt 0:00:04]} 35. bxc4 {[%emt 0:00:01]} Bxc4 {[%emt 0:00:10]} 36. Rd7+ {[%emt 0:00:03]} Kc8 {[%emt 0:00:01]} 37. Rd8+ {[%emt 0:01:26]} Kb7 {[%emt 0:00:01]} 38. R1d7+ {[%emt 0:00:03]} Kc6 {[%emt 0:00:01]} 39. Rd6+ {[%emt 0:00:02]} Kb7 {[%emt 0:00:01]} 40. Rxa8 {[%emt 0:00:11]} Kxa8 {[%emt 0:00:00]} 41. Rxb6 {[%emt 0:00:01]} Nf5 {[%emt 0:00:04]} 42. Bxc5 {[%emt 0:00:02]} Nh4 {[%emt 0:00:07]} 43. Bd4 {[%emt 0:00:33]} Bd3 {[%emt 0:00:12]} 44. Rb3 {[%emt 0:00:46]} Be4 {[%emt 0:00:08]} 45. Rh3 {[%emt 0:00:03]} Nxg2 {[%emt 0:00:32]} 46. Rxh5 {[%emt 0:00:02]} Kb7 {[%emt 0:00:00]} 47. Kf2 {[%emt 0:00:42]} Kc6 {[%emt 0:00:24]} 48. Bc3 {[%emt 0:00:39]} Kd5 {[%emt 0:00:34]} 49. Bd2 {[%emt 0:00:39]} Kd4 {[%emt 0:00:18]} 50. h4 {[%emt 0:00:14]} Kd3 {[%emt 0:00:07]} 51. Bg5 {[%emt 0:00:06]} Kd4 {[%emt 0:00:02]} 52. Rh8 {[%emt 0:00:39]} Kxe5 {[%emt 0:00:03]} 53. h5 {[%emt 0:00:01]} Kf5 {[%emt 0:00:13]} 54. Rg8 {[%emt 0:00:09]} f6 {[%emt 0:00:15]} 55. h6 {[%emt 0:00:14]} Ke5 {[%emt 0:00:00]} 56. Bc1 {[%emt 0:00:27]} Nh4 {[%emt 0:00:15]} 57. h7 {[%emt 0:00:25]} 1-0

[Event "Magnus Carlsen Invitational 2021"]
[Site "Online"]
[Date "2021.03.10"]
[Round "8.5"]
[White "Radjabov, Teimour"]
[Black "Vachier-Lagrave, Maxime"]
[Result "0-1"]
[WhiteElo "2758"]
[BlackElo "2860"]
[Annotator "TA"]
[PlyCount "58"]
[EventDate "2021.03.13"]
[EventType "tourn"]
[EventCountry "NET"]
[SourceTitle "playchess.com"]
[Source "ChessBase"]
[SourceQuality "1"]

{[%evp 9,58,14,17,18,16,16,24,19,29,0,0,0,0,0,0,-1,0,0,1,-8,1,0,4,-3,0,0,0,-18,-21,-45,-47,-235,-236,-229,-228,-242,-230,-221,-193,-207,-210,-368,-366,-352,-327,-375,-346,-347,-335,-447,-442]} 1. Nf3 f5 2. c4 Nf6 3. b3 g6 4. Bb2 Bg7 5. g3 b6 6. Bg2 {A10: English Opening: Unusual Replies for Black.} Bb7 7. O-O O-O 8. d4 {White has an edge.} a5 $5 {[%mdl 4] A promising side line.} 9. Nbd2 e6 {[#]} 10. Rc1 $146 ({Predecessor:} 10. a3 Na6 11. Qc2 Qe7 12. Rad1 d6 13. Qb1 Rae8 14. Ba1 c5 15. Bc3 Qc7 16. Qb2 {0-1 (38) Bindrich,F (2594)-Vallejo Pons,F (2684) Berlin 2015}) 10... Na6 11. a3 Qe7 12. e3 d6 13. Qe2 c5 14. Rfd1 Rad8 15. Nb1 Ne4 16. Nc3 (16. Ne1 {keeps more tension.} cxd4 17. exd4 e5 18. f3 Ng5 19. Nc3) 16... Nxc3 17. Bxc3 e5 18. dxe5 dxe5 19. Rxd8 Rxd8 20. Rd1 $2 {Now White is beyond hope.} (20. Ne1 $15) 20... Rxd1+ $19 21. Qxd1 {Threatening Nxe5!} e4 {[%csl LRc3,LRf3][%mdl 64] [#] Discovered Attack} 22. Bxg7 {aiming for Bh6.} exf3 ({Not} 22... Kxg7 23. Nd2 $11) 23. Bxf3 Kxg7 24. Bxb7 Qxb7 25. Qd6 $2 {[#]} (25. Qa1+ Kg8 26. Qf6) 25... Qc7 26. Qd2 Nb8 27. b4 axb4 28. axb4 Nd7 29. b5 Nf6 {Weighted Error Value: White=0.35/Black=0.03} 0-1

[Event "Magnus Carlsen Invitational 2021"]
[Site "Online"]
[Date "2021.03.10"]
[Round "8.6"]
[White "Pichot, Alan"]
[Black "Van Foreest, Jorden"]
[Result "1/2-1/2"]
[WhiteElo "2548"]
[BlackElo "2543"]
[Annotator "TA"]
[PlyCount "112"]
[EventDate "2021.03.13"]
[EventType "tourn"]
[EventCountry "NET"]
[SourceTitle "playchess.com"]
[Source "ChessBase"]
[SourceQuality "1"]

{[%evp 10,112,72,64,58,60,39,29,58,32,75,70,84,79,76,81,89,88,138,4,7,9,4,0,0,-6,0,0,0,0,7,6,9,0,0,0,0,0,0,0,0,0,0,0,0,0,7,0,0,0,0,-50,-47,-30,0,-25,-26,-48,-56,-56,-42,-42,-43,-59,-60,-85,-84,-119,-93,-93,-74,-101,-83,-86,-80,-78,-77,-95,0,0,0,0,0,0,0,0,0,0,0,0,0,0,0,0,0,0,0,0,0,0,0,0,0,0,0]} 1. e4 e5 2. Nf3 Nc6 3. Bc4 Bc5 4. c3 d6 5. d4 Bb6 6. dxe5 Bg4 {C53: Giuoco Piano sidelines.} 7. exd6 Nf6 {[#]} 8. h3 $146 ({Predecessor:} 8. O-O Ne5 9. Be2 Bxf3 10. Bxf3 cxd6 11. Bg5 O-O 12. Na3 h6 13. Bf4 Re8 14. Re1 {1-0 (53) Pagnutti,L (1962)-Petrovcic,C (1655) Nova Gorica 2017}) 8... Bxf3 {White has an edge.} 9. Qxf3 Qxd6 10. Bf4 Ne5 11. Bxe5 Qxe5 12. Nd2 O-O-O 13. O-O-O ({Don't play} 13. Bxf7 $6 Rxd2 14. Kxd2 Rf8 $11) 13... Rd7 14. Qf5 (14. Bd3 $16) 14... Qxf5 $11 15. exf5 Bxf2 16. Nf3 Re7 17. g4 Ne4 {Hoping for ...Be3+.} 18. Kc2 Rhe8 19. Rh2 Bc5 20. b4 Be3 21. Bd5 Nf6 22. Re2 Nxd5 23. Rxd5 c6 24. Rd1 Bf4 25. Rxe7 Rxe7 {[%mdl 4096] Endgame KRB-KRN} 26. Rd4 Be3 27. Rc4 Bb6 28. b5 Kd7 29. bxc6+ bxc6 30. Kd2 Kd6 31. Rb4 h6 32. a4 Kd5 33. a5 Bxa5 34. Rd4+ Kc5 35. f6 gxf6 36. Rf4 Bd8 37. Rf5+ Kb6 38. Rh5 Bc7 39. Kc2 Re3 40. Rf5 Be5 41. Kd2 Re4 42. Nxe5 fxe5 43. Rxf7 {[#]} Rf4 ({Better is} 43... a5 $1 $17 44. Rf8 Rf4 45. Rb8+ Kc5) 44. Rxf4 $1 {The position is equal.} exf4 {KP-KP} 45. h4 $1 a5 46. g5 hxg5 47. hxg5 {K3P-KPP} a4 $1 {[%cal Ra4a3]} 48. g6 {[#] Strongly threatening g7.} a3 {With the idea ...a2.} 49. g7 a2 50. g8=Q a1=Q {Black wants to play ...Qb2+. KQ-KQ} 51. Qb8+ Kc5 52. Qb4+ (52. Qxf4 {looks sharper.} Qb2+ 53. Kd3 Qb1+ 54. Kd2 Qb2+) 52... Kd5 53. Qd4+ Ke6 54. Qe4+ Kd7 55. Qd4+ Kc8 56. Qxf4 Qb2+ {Weighted Error Value: White=0.10/Black=0.08} 1/2-1/2

[Event "Magnus Carlsen Invitational 2021"]
[Site "Online"]
[Date "2021.03.10"]
[Round "8.8"]
[White "Aronian, Levon"]
[Black "Dubov, Daniil"]
[Result "1/2-1/2"]
[WhiteElo "2778"]
[BlackElo "2770"]
[Annotator "TA"]
[PlyCount "114"]
[EventDate "2021.03.13"]
[EventType "tourn"]
[EventCountry "NET"]
[SourceTitle "playchess.com"]
[Source "ChessBase"]
[SourceQuality "1"]

{[%evp 13,114,54,52,53,53,62,62,51,53,39,29,45,24,31,28,27,11,17,39,35,50,47,60,53,54,54,54,54,54,54,58,45,64,59,63,52,53,46,45,32,29,27,37,24,47,16,54,56,58,27,60,49,66,60,52,55,66,66,63,66,71,62,59,54,61,55,55,55,51,20,26,13,13,8,5,0,0,0,8,0,8,8,18,0,0,0,21,0,0,0,0,0,0,0,0,0,0,0,0,0,0,0,0]} 1. e4 c5 2. Nf3 d6 3. d4 cxd4 4. Nxd4 Nf6 5. Nc3 Nc6 6. Bg5 g6 7. Bxf6 exf6 8. Bb5 {is now debated instead of 8.Bc4. B60: Sicilian: Richter-Rauzer: Unusual Black 6th moves and 6...Bd7 without 7 Qd2.} Bd7 9. Nde2 Be6 10. Qd2 {White is slightly better.} Bg7 {[#]} 11. Nf4 $146 ({Predecessor:} 11. Nd4 Rc8 12. Rd1 Ke7 13. O-O Nxd4 14. Qxd4 Qb6 15. Qxb6 axb6 16. Ba4 Rc5 17. Rfe1 {0-1 (40) Matanovic,A (2490)-Chernikov,O (2464) Elista 2002}) 11... O-O 12. Nxe6 fxe6 13. Rd1 f5 14. Qxd6 Nd4 15. Qxd8 Rfxd8 16. Bd3 b5 17. exf5 ({Of course not} 17. Bxb5 Rdb8 $17) 17... gxf5 18. Nxb5 ({But not} 18. Bxb5 Rdb8 $11) 18... Nxb5 19. Bxb5 Rxd1+ 20. Kxd1 Bxb2 $14 {[%mdl 4096] Endgame KRB-KRB} 21. Ke2 Rc8 22. Ba4 Rc7 23. Rd1 Kf7 24. Bb3 Ke7 25. Kf1 Rd7 26. Re1 e5 27. Re3 Kf6 28. Rh3 Kg5 29. Be6 Re7 30. Bd5 e4 31. Ke2 Bd4 32. Rb3 Rc7 33. c4 Rc5 34. Ra3 Rc8 35. f3 exf3+ 36. Rxf3 Re8+ 37. Kd3 Bc5 38. Rh3 Re7 39. Rg3+ Kf4 40. Kd2 Re3 41. Rg7 Ra3 42. Rxh7 Rxa2+ {The position is equal.} 43. Kd3 a5 44. Rc7 Ra3+ 45. Kc2 Bb4 46. Kb2 Rc3 47. Rb7 Re3 48. Bf3 Rc3 49. Bd5 (49. c5 {keeps more tension.} Rxc5 50. h4 Rc4 51. Kb3 Rc3+ 52. Ka2) 49... Re3 50. h4 Kg4 51. Rh7 a4 {[#] ...a3+ is the strong threat.} 52. Bf3+ Kf4 {And now ...a3+ would win.} 53. Rb7 Rb3+ 54. Ka2 Ra3+ 55. Kb2 Rb3+ 56. Ka2 Ra3+ 57. Kb2 Rb3+ {Weighted Error Value: White=0.06/Black=0.04} 1/2-1/2

[Event "Magnus Carlsen Invitational 2021"]
[Site "Online"]
[Date "2021.03.10"]
[Round "9.1"]
[White "Dubov, Daniil"]
[Black "Giri, Anish"]
[Result "1/2-1/2"]
[WhiteElo "2770"]
[BlackElo "2731"]
[Annotator "TA"]
[PlyCount "93"]
[EventDate "2021.03.13"]
[EventType "tourn"]
[EventCountry "NET"]
[SourceTitle "playchess.com"]
[Source "ChessBase"]
[SourceQuality "1"]

{[%evp 11,93,22,25,17,25,-16,25,25,45,25,29,29,61,26,27,28,20,14,29,27,29,28,30,21,31,17,20,-2,-4,-19,31,0,0,0,0,-4,-14,0,0,-61,-64,-74,-69,-56,-53,-125,-127,-229,-248,-239,-245,-225,-230,-231,-229,-211,-167,-161,-165,-153,-8,-8,-8,-8,-8,-8,0,0,0,0,0,0,0,0,0,0,0,0,0,0,0,0,0,0]} 1. d4 Nf6 2. c4 e6 3. Nf3 d5 4. Nc3 c5 5. cxd5 cxd4 6. Qxd4 exd5 7. e4 {[%cal Re4d5] D41: Queen's Gambit Declined: Semi-Tarrasch with 5 cxd5.} dxe4 $1 {[%mdl 4] is more profitable than 7...Nc6 at the moment.} 8. Qxd8+ Kxd8 9. Ng5 {White has an edge.} Be6 10. Nxe6+ fxe6 11. Bg5 Nc6 12. O-O-O+ Ke8 13. Bb5 Rc8 14. Kb1 Bb4 15. Bxf6 gxf6 16. Nxe4 f5 17. Ng5 {Hoping for a3.} Ke7 $1 18. a3 Ba5 {[#]} 19. Bc4 $146 ({Predecessor:} 19. f4 h6 20. Nf3 Rhd8 21. Rxd8 Nxd8 22. Rd1 Rc7 23. Ne5 a6 24. Be2 Bb6 25. Ng6+ Ke8 26. Bh5 Nc6 27. g4 fxg4 {½-½ (56) Carlsen,M (2862)-Tari,A (2625) Wijk aan Zee 2021}) 19... Nd8 20. Bb5 Nc6 21. b4 Bb6 22. Rhe1 Nd4 23. Rxd4 {[%mdl 64] Remove Defender} Bxd4 24. Rxe6+ Kf8 25. Rd6 {[#]} (25. f4 $11) 25... h6 $1 $15 {[%cal Rh6g5]} 26. Nf3 (26. Nh3 Be5) 26... Bxf2 27. Ne5 Rg8 $1 {[%cal Rg8g2]} 28. Ng6+ ({White should play} 28. Bd7 $15 Rc7 29. g3) 28... Kf7 $17 29. Bc4+ Rxc4 $19 30. Ne5+ Ke7 31. Nxc4 {[%mdl 4096] Endgame KRB-KRN} b5 (31... Rxg2 32. Rxh6 Bd4 33. Nd6 $17) 32. Rd2 Rxg2 (32... bxc4 33. Rxf2 Rg4 34. Kc2 $16) 33. Nd6 f4 ({Don't take} 33... Rxh2 34. Nxf5+ Kf8 35. Kc2 $17) 34. Nxb5 Rxh2 35. Kc2 {[#]} Bg1 ({Better is} 35... h5 $1 $17 {aiming for ...Bg1.} 36. Nxa7 Rg2 37. Nc8+ Kf8 38. Rd8+ Kf7) 36. Rxh2 $11 {The position is equal.} Bxh2 {KB-KN} 37. Kd3 $1 h5 {Threatens to win with ...h4.} 38. Ke4 a6 (38... h4 $5 39. Kf3 $8 Bg3 $11) 39. Nd4 Bg3 40. Ne2 Kd6 (40... Kf6 {keeps more tension.} 41. a4 h4 42. Nxf4 Kg5 43. Nd5 h3) 41. Nxf4 Bxf4 42. Kxf4 {KPP-KPP} Kd5 (42... Kc6 $5 43. a4 $8 (43. Kg5 {leads to mate.} Kb5 44. Kxh5 Ka4 45. Kh4 Kxa3 46. Kg4 Kxb4 47. Kf3 a5 48. Ke2 Kc3 49. Kd1 Kb2 50. Ke1 a4 51. Kf1 Kc3 52. Kf2 a3 53. Kg2 Kd4 54. Kh3 Ke4 55. Kh4 a2 56. Kh5 a1=Q 57. Kg6 Ke5 58. Kg7 Kf5+ 59. Kg8 Qa7 60. Kf8 Kf6 61. Kg8 Qg7#) 43... Kd5 $11) 43. a4 $1 (43. Kg5 {is a self mate.} Kc4 44. Kh4 Kb3 45. Kxh5 Kxa3 46. Kg4 Kxb4 47. Kf3 Kc3 48. Ke2 Kc2 49. Kf2 a5 50. Kg2 a4 51. Kh3 a3 52. Kg4 a2 53. Kg5 a1=Q 54. Kf5 Kd3 55. Ke6 Ke4 56. Kd6 Qa4 57. Ke7 Qc6 58. Kd8 Ke5 59. Ke7 Qb7+ 60. Kf8 Kf6 61. Kg8 Qg7#) 43... Kc4 44. b5 {[%cal Rb5a6]} axb5 45. axb5 Kxb5 46. Kg5 h4 {( -> ...h3)} 47. Kxh4 {Whites escaped into a draw.  Weighted Error Value: White=0.13/Black=0.11} 1/2-1/2

[Event "Magnus Carlsen Invitational 2021"]
[Site "Online"]
[Date "2021.03.10"]
[Round "9.2"]
[White "Nakamura, Hikaru"]
[Black "Aronian, Levon"]
[Result "1-0"]
[WhiteElo "2829"]
[BlackElo "2778"]
[Annotator "TA"]
[PlyCount "59"]
[EventDate "2021.03.13"]
[EventType "tourn"]
[EventCountry "NET"]
[SourceTitle "playchess.com"]
[Source "ChessBase"]
[SourceQuality "1"]

{[%evp 15,59,0,8,-15,0,0,0,0,21,26,14,18,14,12,57,63,59,27,41,7,7,13,18,16,73,68,108,81,83,78,77,65,124,90,96,105,112,131,138,144,464,457,1107,1089,29988,29988]} 1. Nf3 d5 2. g3 Nf6 3. Bg2 g6 4. O-O Bg7 5. d4 O-O 6. c4 c6 7. Qb3 Qb6 8. Nc3 Rd8 9. h3 {D78: Fianchetto Grünfeld: 6 0-0 c6.} Bf5 {is the legacy move (9...Be6).} 10. Bf4 dxc4 11. Qxc4 {The position is equal.} Nd5 12. Ng5 {[%cal Rg2d5]} Qxd4 13. Qb3 $40 {[%mdl 128] [#] Black must now prevent e4. White is up to no good.} Qb6 {Strongly threatening ...h6.} 14. Nxd5 ({Reject} 14. Bxd5 cxd5 15. Qxb6 axb6 $17) 14... Qxb3 15. Nxe7+ Kf8 {[#]} 16. axb3 $146 ({Predecessor:} 16. Nxg6+ hxg6 17. axb3 Bxb2 18. Ra2 Bd4 19. g4 Bc8 20. b4 Bb6 21. Ra3 Na6 22. Rxa6 bxa6 23. Bxc6 {½-½ (66) Loginov,V (2610)-Ruck,R (2435) Harkany 1994}) 16... Kxe7 17. e4 Be6 18. Nxe6 Kxe6 19. Rfd1 Nd7 (19... Rxd1+ $11 {remains equal.} 20. Rxd1 Nd7) 20. h4 $16 Nc5 21. Rxd8 Rxd8 22. Bh3+ Ke7 23. Rxa7 Bxb2 (23... Bd4 $14) 24. b4 Nxe4 25. Rxb7+ Kf8 26. Bf1 Rd1 {[#]} 27. Kg2 $1 Nf6 $2 {[%mdl 8192]} (27... Bc1 $16 {is a better chance.}) 28. b5 $18 {[%cal Bb4b5,Bb5c6,Bc6c7][%mdl 32]} Rxf1 (28... Nd5 $142 29. bxc6 Nxf4+ 30. gxf4 Kg7) 29. bxc6 {[%mdl 64] c7 is the strong threat. Discovered Attack} Re1 30. c7 {Weighted Error Value: White=0.05/Black=0.60} 1-0

[Event "Magnus Carlsen Invitational 2021"]
[Site "Online"]
[Date "2021.03.10"]
[Round "9.3"]
[White "Van Foreest, Jorden"]
[Black "So, Wesley"]
[Result "0-1"]
[WhiteElo "2543"]
[BlackElo "2741"]
[Annotator "TA"]
[PlyCount "110"]
[EventDate "2021.03.13"]
[EventType "tourn"]
[EventCountry "NET"]
[SourceTitle "playchess.com"]
[Source "ChessBase"]
[SourceQuality "1"]

{[%evp 9,110,-26,-11,-27,-16,-12,0,-7,0,0,0,0,0,0,0,-9,-11,-62,-63,-53,-57,-47,-43,-70,-60,-135,-124,-144,-35,-38,-11,-15,-20,-123,-125,-125,-101,-97,-105,-97,-116,-102,-118,-315,-224,-253,-246,-252,-267,-246,-260,-238,0,0,0,-241,-230,-224,-224,-685,-690,-685,-678,-641,-596,-563,-512,-512,-488,-491,-479,-810,-691,-764,-849,-1084,-916,-764,-764,-759,-616,-541,-443,-29947,-29951,-5958,-2126,-5131,-5591,-5089,-5089,-4133,-4622,-29977,-29979,-29991,-29992,-29994,-29995,-29997,-29998,-29999,-29999]} 1. e4 e5 2. Nf3 Nc6 3. d4 exd4 4. Nxd4 Nf6 5. Bb5 Bc5 6. Nb3 {C45: Scotch Game.} Bb6 7. Nc3 d6 8. O-O {The position is equal.} Bg4 9. Qd3 O-O {[#]} 10. Bxc6 $146 ({Predecessor:} 10. Bg5 h6 11. Bxf6 Qxf6 12. Nd5 Qxb2 13. c3 Ne5 14. Qg3 c6 15. Nxb6 axb6 16. f4 cxb5 17. fxe5 {1-0 (39) Harff,W (2125)-Van Dael,S (1937) Goch 2015}) 10... bxc6 11. a4 {And now a5 would win.} a5 12. Bg5 h6 13. Bh4 (13. Be3 $11) 13... g5 $15 14. Bg3 Nh5 15. Nd4 Bd7 16. Rad1 Qf6 17. e5 ({White should play} 17. Nf3 $15) 17... dxe5 $17 18. Ne4 Qg7 (18... Qe7 $17 19. Nf3 Bf5) 19. Nf3 $15 Be6 20. Bxe5 f6 21. Ng3 fxe5 22. Nxh5 Qf7 $36 {[%mdl 2048] Black is in control.} 23. Ng3 Bc4 {[%mdl 64] Skewer} 24. Qe4 Bxf1 25. Rxf1 Rae8 26. h4 $2 (26. h3 $17) 26... gxh4 27. Nxh4 Bxf2+ 28. Kh1 {[#] Threatens to win with Rxf2!} Re6 $1 ({Don't blunder} 28... Bxg3 $2 29. Rxf7 Rxf7 30. Qg6+ Kf8 31. Qxg3 $18) 29. Qg4+ {[#]} Kh7 $1 30. Nh5 {Hoping for Rxf2!} Rg8 $2 ({Better is} 30... Qg8 $19 31. Qe4+ Kh8) 31. Qe2 $11 Rf8 $2 (31... Rg5 $11 32. g4 Rxh5 {[%mdl 64] Remove Defender} 33. gxh5 Rf6 34. Qe4+ Kg8 35. Qg4+ Kh7 36. Qe4+ {[%mdl 64] Double Attack} Kg8 37. Qg4+ Kh7 38. Qe4+ {[%mdl 64] Double Attack}) 32. Qg4 $1 $19 {Strongly threatening Rxf2! White is now going downhill.} Qg8 33. Qe4+ Kh8 {...Qg5 is the strong threat.} 34. g3 $2 (34. Nf5 Qg5 35. Rxf2 Qxh5+ 36. Kg1) 34... Qg5 35. Qe2 {[#]} Rd6 $1 36. Kg2 {[#]} Rdf6 37. Kh3 {[#]} Bxg3 $1 38. Nxg3 {aiming for Ne4.} Rxf1 39. Nxf1 Rf4 $1 {[%csl Gg5,LRa4,LRh4][%cal Rf4h4][%mdl 64] Double Attack} 40. Nf3 (40. Qxe5+ $142 Qxe5 41. Ng6+ Kg7 42. Nxe5 Rxf1 43. Nc4) 40... Qg4+ {[%mdl 64] Double Attack} 41. Kh2 Qxf3 42. Qxe5+ {[%mdl 4096] Endgame KQR-KQN} Kh7 {( -> ...Rh4+)} 43. Ng3 Rh4+ 44. Kg1 Rg4 45. Kh2 Rg7 46. b4 (46. c3 $19) 46... axb4 47. a5 c5 48. a6 c4 49. a7 b3 50. cxb3 cxb3 51. Qe1 b2 {Black mates.} 52. Qb1+ Rg6 53. Qe1 b1=Q 54. a8=Q Qc2+ 55. Kh3 Qcg2+ {Weighted Error Value: White=0.52/Black=0.20} 0-1